000 00351nam a22001457a 4500
005 20180519130325.0
008 170916b xxu||||| |||| 00| 0 eng d
041 _aeng
082 _a512.5
100 _aVASISHTHA, A.R. AND SHARMA, J.N.
_93934
245 _aLINEAR ALGEBRA
260 _aMEERUT
_bKRISHNA PRAKASHAN
300 _a416p. viii
942 _cBK
999 _c5579
_d5577